000 00334nam a2200157Ia 4500
100 _aSenn/ James A
250 _a2
942 _cBK
654 _ainformation systems
245 _aAnalysis & design of information systems
260 _bnone
_c1989
082 _a658.403
_bSEN
300 _a853
546 _aENGLISH
999 _c27183
_d27183